Stripping coal deposits on lower Lignite Creek, Nenana coal field, Alaska, (Record no. 28890)

MARC details
000 -LEADER
fixed length control field 00917cam a22002651 4500
001 - CONTROL NUMBER
control field gs 54000256
003 - CONTROL NUMBER IDENTIFIER
control field DLC
005 - DATE AND TIME OF LATEST TRANSACTION
control field 20260227111402.0
008 - FIXED-LENGTH DATA ELEMENTS--GENERAL INFORMATION
fixed length control field 770317s1954 dcuab b f00010 eng c
010 ## - LIBRARY OF CONGRESS CONTROL NUMBER
LC control number gs 54000256 //r85
040 ## - CATALOGING SOURCE
Original cataloging agency U.S. Geol. Survey. Libr.
Transcribing agency ak
043 ## - GEOGRAPHIC AREA CODE
Geographic area code n-us-ak
050 0# - LIBRARY OF CONGRESS CALL NUMBER
Classification number QE75
Item number .C5 no. 310
051 ## - LIBRARY OF CONGRESS COPY, ISSUE, OFFPRINT STATEMENT
Classification number TN805.A7
Item number W25
Copy information Copy 2.
082 ## - DEWEY DECIMAL CLASSIFICATION NUMBER
Classification number 553.24
100 10 - MAIN ENTRY--PERSONAL NAME
Personal name Wahrhaftig, Clyde,
Dates associated with a name 1919-
245 10 - TITLE STATEMENT
Title Stripping coal deposits on lower Lignite Creek, Nenana coal field, Alaska,
Statement of responsibility, etc. by Clyde Wahrhaftig and Joseph H. Birman.
260 0# - PUBLICATION, DISTRIBUTION, ETC.
Place of publication, distribution, etc. Washington,
Date of publication, distribution, etc. 1954.
300 ## - PHYSICAL DESCRIPTION
Extent iv, 11 p.
Other physical details illus., maps (5 fold., 1 col. in pocket) tables.
Dimensions 27 cm.
490 1# - SERIES STATEMENT
Series statement Geological Survey circular 310
504 ## - BIBLIOGRAPHY, ETC. NOTE
Bibliography, etc. note Bibliography: p. 11.
650 #0 - SUBJECT ADDED ENTRY--TOPICAL TERM
Topical term or geographic name entry element Coal
Geographic subdivision Alaska
-- Nenana coal field.
700 10 - ADDED ENTRY--PERSONAL NAME
Personal name Birman, Joseph Harold,
Dates associated with a name 1924-
Relator term joint author.
830 #0 - SERIES ADDED ENTRY--UNIFORM TITLE
Uniform title Geological Survey circular ;
Volume/sequential designation 310.

No items available.

Powered by Koha